00459 2200181 4500001002100000005001500021008004100036020002200077035001900099041000700118082001000125090001600135100002000151245003000171260003800201300001800239650002000257INLIS00000000001084020241224114055241224||||||||| | ||| |||| || |  a978-602-8512-22-0 0010-1224010840 aid0 a371.1 a371.1 KHA m0 aMahmud Khalifah00aMenjadi Guru Yang Dirindu aSurakartabziyad visi mediac2009 a216 hlm; 20cm 0aIlmu Pendidikan